Report of the committee on broadcasting (Record no. 425111)

000 -LEADER
fixed length control field 00393cam a22001097a 4500
008 - FIXED-LENGTH DATA ELEMENTS--GENERAL INFORMATION
fixed length control field 180718b xxu||||| |||| 00| 0 eng d
082 ## - DEWEY DECIMAL CLASSIFICATION NUMBER
Classification number W96x42 Un3
100 ## - MAIN ENTRY--PERSONAL NAME
Personal name Committee on Boradcasting
245 ## - TITLE STATEMENT
Title Report of the committee on broadcasting
Statement of responsibility, etc. by Committee on Boradcasting, United Kingdom
260 ## - PUBLICATION, DISTRIBUTION, ETC.
Place of publication, distribution, etc. London
Name of publisher, distributor, etc. Her Majesty's Stationery Office
Date of publication, distribution, etc.
500 ## - GENERAL NOTE
General note Contents: Library has 1960(v.1),1961, 1962
Holdings
Withdrawn status Lost status Damaged status Not for loan Permanent Location Current Location Date acquired Full call number Barcode Date last seen Price effective from Koha item type
        Indian Institute of Public Administration Indian Institute of Public Administration 2009-10-06 W96x42 Un3 2560 2018-07-21 2018-07-21 Book

Powered by Koha